| 000 | 00936nam a2200253Ia 4500 | ||
|---|---|---|---|
| 003 | GCL | ||
| 008 | 140319s9999 xx 000 0 ara d | ||
| 040 |
_aGCL / _cGCL |
||
| 082 | 0 | 4 |
_a920.71 _bع ذ |
| 100 | 1 | _aصالح مهدى عماش | |
| 245 | 1 | 0 |
_aالذيل على العبر فى خير من عبر / _cصالح مهدى عماش |
| 700 | 1 | _aابن العراقى : ولى الدين ابو زرعة احمد بن عبدالرحيم بن الحسين الكردى الرازيانى | |
| 260 |
_aبيروت : _bمؤسسة الرسالة ، _c1989 |
||
| 300 |
_a3 مج ؛ _c24 سم |
||
| 490 | _a | ||
| 650 | 0 | 4 | _aالتراجم |
| 650 | 0 | 4 | _aالاسلام - تاريخ |
| 650 | 0 | 4 | _aالاسلام - تراجم |
| 650 | 0 | 4 | _aاللغويون |
| 650 | 0 | 4 | _aالرجال - تراجم |
| 650 | 0 | 4 | _aاللغة العربية - تراجم |
| 650 | 0 | 4 | _aالتاريخ الاسلامى - تراجم |
| 942 |
_2ddc _cBK |
||
| 999 |
_c39086 _d39086 |
||